| 000 | 01196nam a22002897a 4500 | ||
|---|---|---|---|
| 003 | EG-ScBUE | ||
| 005 | 20220117113015.0 | ||
| 008 | 220117s2001 ua o f 000 0cara d | ||
| 017 | _a2001 / 13519 | ||
| 040 |
_aEG-ScBUE _bara _erda _cEG-ScBUE _dEG-ScBUE |
||
| 043 | _af-ua--- | ||
| 082 | 0 | 4 |
_a962.05 _bغ ا ل _222 |
| 100 | 1 |
_aغالب، مراد، _d1922- _eمؤلف. |
|
| 245 | 1 | 0 |
_aمع عبد الناصر والسادات : _bسنوات الانتصار وأيام المحن / _cمراد غالب. |
| 250 | _aالطبعة الأولى. | ||
| 264 | 1 |
_aالقاهرة : _bمركز الأهرام للترجمة والنشر، _c2001. |
|
| 300 |
_a246 صفحة : _bصور ؛ _c24 سم |
||
| 336 |
_2rdacontent _aنص _btxt |
||
| 337 |
_2rdamedia _aبدون وسيط _bn |
||
| 338 |
_2rdacarrier _aمجلد _bnc |
||
| 541 |
_cإهداء ؛ _aد. فريد خميس. |
||
| 651 | 7 |
_aمصر _xتاريخ _yالعصر الحديث _yجمال عبد الناصر (1954-1970). _2BUEsh |
|
| 651 | 7 |
_aمصر _xتاريخ _yالعصر الحديث _yأنور السادات (1971-1981). _2BUEsh |
|
| 653 |
_bGGEN _cJanuary2021 |
||
| 655 |
_vReading book _934232 |
||
| 942 | _2ddc | ||
| 999 |
_c29739 _d29710 |
||